El Filiusfamilias independiente en Roma y en el derecho español.
Shranjeno v:
| Glavni avtor: | |
|---|---|
| Format: | Knjiga |
| Jezik: | angleščina |
| Izdano: |
Madrid, España:
Departamento de Derecho Romano de la Universidad Autónoma de Madrid,
1981.
|
| Izdaja: | Primera edición. |
| Teme: | |
| Oznake: |
Označite
Brez oznak, prvi označite!
|
MARC
| LEADER | 00000nam a22000007a 4500 | ||
|---|---|---|---|
| 003 | CL-VaPUC | ||
| 005 | 20220822114432.0 | ||
| 008 | 220315b1981 ||||| |||| 00| 0 eng d | ||
| 999 | |c 434833 |d 434831 | ||
| 040 | |c Pontificia Universidad Católica de Valparaíso | ||
| 082 | 7 | |a 346.37017 FER 1981 |2 22 | |
| 100 | |a Fernández de Buján y Fernández, Antonio |9 378723 |e autor | ||
| 245 | |a El Filiusfamilias independiente en Roma y en el derecho español. | ||
| 250 | |a Primera edición. | ||
| 260 | |a Madrid, España: |b Departamento de Derecho Romano de la Universidad Autónoma de Madrid, |c 1981. | ||
| 300 | |a 85 páginas. | ||
| 500 | |a c.1 Donación Familia Prof. Alejandro Guzmán Brito. | ||
| 583 | |c 20220315 |k Yessy Stephany Diaz Vidal | ||
| 650 | |a Filiación |x Derecho romano |9 869396 | ||
| 650 | |a Filiación |x Derecho |z España |9 869397 | ||
| 650 | |a Familia |x Derecho romano |9 869398 | ||
| 942 | |2 ddc |c BK |n 0 | ||
| 952 | |0 0 |1 0 |2 ddc |4 0 |6 346_370170000000000_FER_1981 |7 0 |8 C_AGB |9 581845 |a BIBDER |b BIBDER |d 2022-03-15 |e Donación |i 5650094 |o 346.37017 FER 1981 |p 5650094 |r 2023-01-25 |t 1 |w 2022-03-15 |y BK_US |k AGB | ||